000 nam a22 7a 4500
999 _c8924
_d8924
008 180120b ||||| |||| 00| 0 eng d
100 _95238
_aFIRTH .N ET AL
245 _aSUCCESS AND DYSLESIA
260 _aAUSTARALIAN
_bACER
_cPRESS